=LDR 00000nam 2200000 4500 =001 INLIS000000000023132 =005 20130612121822 =008 ***********************************Ind** =035 ##$$0010-061300000023132 =041 ##$$a Ind =082 ##$$a F.Rom k =090 ##$$a F.Rom.k, Kur c =100 ##$$a kurniawan doni =260 ##$$a 2004 $b Jakarta =300 ##$$a 22 hlm, ilus, 21 cm =650 ##$$a Cerita pendek =850 ##$$a NBPNMAT